• 首页
  • 本馆介绍
  • 公告通知
  • 最新文献
  • 馆藏检索
  • 电子资源
  • 读者导购
  • 参考咨询
  • 我的图书馆
  • 登录
  • 详细信息显示
  • 放入我的书架
  • 预约/预借图书
  • 作者相关作品
  • 分类相关作品
  • 丛书相关作品
  • 出版社相关作品

书目信息

  • 表格格式
  • 工作单格式
  • 卡片格式
题名:
小学生日常对话英语听力
    
 
作者: 林克妈妈 著
分册: 2  
出版信息: 武汉   湖北教育出版社  2017.5
页数: 187页
开本: 24cm
丛书名: 林克妈妈私家少儿英语教材系列
单 册:
中图分类: H31 , G623.31
科图分类:
主题词: 教育--各级--听说教学--小学--课外读物
电子资源:
ISBN: 978-7-5564-1525-0
000 01497nam2 2200301 45
001 012001001809
005 20210922164209.25
010    @a978-7-5564-1525-0@dCNY36.80
100    @a20171222d2017 cd y0chiy0110 ea
101 0  @achi
102    @aCN@b420000
105    @aa z 000yy
106    @ar
200 1  @a小学生日常对话英语听力@Axiao xue sheng ri chang dui hua ying yu ting li@e林克妈妈的听力直通车@h2@e升级版@f林克妈妈著
210    @a武汉@c湖北教育出版社@d2017.5
215    @a187页@c图@d24cm@e附《直通考场》1册(29页;23cm)
225 2  @a林克妈妈私家少儿英语教材系列
300    @a其他题名:林克妈妈的听力直通车
330    @a有感于传统少儿英语教学与日常生活脱节导致“学非所用”、“学不能致用”的缺陷,林克妈妈根据陪女儿学英语的亲身体验,从日常生活中选取8个主题(考试、文具、掉牙、电视和网络游戏、手机、宠物、金钱、生病)、64个生活场景,编写了192组日常对话,共437个典型句子,让孩子在生活中学会英语,在生活中会用英语。本书和《小学生日常对话英语听力.1》有效地解决了中国孩子英语学习中的三大难题——词汇、语法和应试,让孩子迅速摆脱“哑巴英语”,像学母语一样轻松地学英语。一幕幕家庭生活的原生态图景,也凝聚着林克妈妈和女儿浓浓的亲子之爱。
410  0 @12001 @a林克妈妈私家少儿英语教材系列
461  0 @12001 @a林克妈妈私家少儿英语教材系列
517 1  @a林克妈妈的听力直通车
606 0  @a教育@x各级@x听说教学@x小学@j课外读物
690    @aH31@v5
690    @aG623.31@v3
701  0 @a林克妈妈@Alin ke ma ma@4著
801    @aCN@bAHXH@c20210922
905    @b1249379-83@dG623.31@e1523:2@f5
    
    小学生日常对话英语听力:林克妈妈的听力直通车.2:升级版/林克妈妈著.-武汉:湖北教育出版社,2017.5
    187页:图;24cm+附《直通考场》1册(29页;23cm).-(林克妈妈私家少儿英语教材系列)
    其他题名:林克妈妈的听力直通车
    
    ISBN 978-7-5564-1525-0:CNY36.80
    有感于传统少儿英语教学与日常生活脱节导致“学非所用”、“学不能致用”的缺陷,林克妈妈根据陪女儿学英语的亲身体验,从日常生活中选取8个主题(考试、文具、掉牙、电视和网络游戏、手机、宠物、金钱、生病)、64个生活场景,编写了192组日常对话,共437个典型句子,让孩子在生活中学会英语,在生活中会用英语。本书和《小学生日常对话英语听力.1》有效地解决了中国孩子英语学习中的三大难题——词汇、语法和应试,让孩子迅速摆脱“哑巴英语”,像学母语一样轻松地学英语。一幕幕家庭生活的原生态图景,也凝聚着林克妈妈和女儿浓浓的亲子之爱。
●
相关链接 在E读中查询图书 在五车中查询图书 在当当中查询图书 在豆瓣中查询图书


正题名:小学生日常对话英语听力     索取号:G623.31/1523:2         预约/预借

序号 登录号 条形码 馆藏地/架位号 状态 备注
1 1249379   212493791   第一样本阅览室/ [索取号:G623.31/1523:2] 在馆    
2 1249380   212493808   教育系资料室/ [索取号:G623.31/1523:2] 在馆    
3 1249381   212493817   教育系资料室/ [索取号:G623.31/1523:2] 在馆    
4 1249382   212493826   第四借阅区/ [索取号:G623.31/1523:2] 在馆    
5 1249383   212493835   第四借阅区/ [索取号:G623.31/1523:2] 在馆    
唐山师范学院图书馆 欢迎您!
大连网信软件有限公司© 版权所有